000 00908nam a2200265 4500
001 177437
003 ES-MaACL
005 20230906220329.0
008 110322s2000 sp d |||| | spa d
017 _aM-47999-2000
080 _a615.213.015.2
080 _a615.213.065
245 0 0 _aEfectos adversos e interacciones de los fármacos antiepilépticos /
_cG.A. Cruz Campos, F.J. Vadillo Olmo, editores.
260 _a[Madrid :
_bs.n.,
_c2000] (
_fNILO)
300 _a265 p. :
_bgráf. ;
_c24 cm.
504 _aReferencias bibliográficas.
650 7 _aAnticonvulsivos.
_9145815
650 0 7 _aMedicamentos-
_vInteracción.
_914887
650 4 _aEpilepsia-
_xTratamiento.
_9145816
700 1 _aCruz Campos, G. A.
_9145813
700 1 _aVadillo Olmo, F. J.
_9145814
852 _aES-MaACL
_9R-145336
_dOlim:N-4074
_jA-11069
_cDEPO1
942 _2udc
_cMONOGRAFIA
999 _c177437
_d177437